Catálogo
 En Linea

Recopilación de textos sobre Mario Benedetti / (Registro nro. 17681)

Detalles MARC
000 -CABECERA
campo de control de longitud fija 00792cam a2200229 a 4500
001 - NÚMERO DE CONTROL
campo de control 000018160
005 - FECHA Y HORA DE LA ÚLTIMA TRANSACCIÓN
campo de control 20200929165400.0
008 - DATOS DE LONGITUD FIJA--INFORMACIÓN GENERAL
campo de control de longitud fija 790410s1976 cu b f000 0 spa
035 ## - NÚMERO DE CONTROL DEL SISTEMA
Número de control de sistema (DLC) 78111063
040 ## - FUENTE DE LA CATALOGACIÓN
Centro catalogador/agencia de origen DO-SdBNP
Lengua de catalogación spa
Centro/agencia transcriptor DLC
Centro/agencia modificador DLC
-- BNPHU
082 ## - NÚMERO DE LA CLASIFICACIÓN DECIMAL DEWEY
Número de clasificación 868
Número de documento/Ítem R311t
049 ## - FONDOS LOCALES (OCLC)
Fondos de biblioteca BNGR
245 00 - MENCIÓN DE TÍTULO
Título Recopilación de textos sobre Mario Benedetti /
Mención de responsabilidad, etc. compilación y prólogo de Ambrosio Fornet.
260 ## - PUBLICACIÓN, DISTRIBUCIÓN, ETC.
Lugar de publicación, distribución, etc. [La Habana] :
Nombre del editor, distribuidor, etc. Casa de las Américas,
Fecha de publicación, distribución, etc. [1976].
300 ## - DESCRIPCIÓN FÍSICA
Extensión 299 p. ;
Dimensiones 23 cm.
490 1# - MENCIÓN DE SERIE
Mención de serie Valoración múltiple
504 ## - NOTA DE BIBLIOGRAFÍA, ETC.
Nota de bibliografía, etc. Bibliografía: p. 275-295.
600 10 - PUNTO DE ACCESO ADICIONAL DE MATERIA--NOMBRE DE PERSONA
Nombre de persona Benedetti, Mario,
Fechas asociadas al nombre 1920-2009
Subdivisión general Criticism and interpretation.
9 (RLIN) 39353
700 1# - PUNTO DE ACCESO ADICIONAL--NOMBRE DE PERSONA
Nombre de persona Fornet, Ambrosio,
Término indicativo de función/relación comp.
9 (RLIN) 15545
830 #0 - PUNTO DE ACCESO ADICIONAL DE SERIE-TÍTULO UNIFORME
Título uniforme Valoración múltiple.
9 (RLIN) 9964
910 ## - DATOS DE OPCIÓN DEL USUARIO (OCLC)
Datos de opción del usuario Catalogación por copia / LC
Existencias
Estado de retiro Estado de pérdida Restricciones de uso No para préstamo Código de colección Localización permanente Ubicación/localización actual Ubicación en estantería Fecha de adquisición Número de inventario Total de préstamos Signatura topográfica completa Código de barras Fecha visto por última vez Precio válido a partir de Tipo de ítem Koha
        Monografías: Libros y Folletos General General En catalogación 22.04.2010 LF1   868 R311t 18160-10 25.06.2020 25.06.2020 Préstamo en sala

Con tecnología Koha